Old age, death and religion : a study of selected texts by Ernest Hemingway /
Saved in:
| Main Author: | |
|---|---|
| Format: | Thesis Book |
| Language: | English |
| Published: |
2014
|
| Subjects: | |
| Tags: |
Add Tag
No Tags, Be the first to tag this record!
|
| LEADER | 01155cam a2200301 i 4500 | ||
|---|---|---|---|
| 001 | u1006593 | ||
| 003 | SIRSI | ||
| 005 | 201411101555 | ||
| 008 | 141110s2014 my a t 000 0 eng m | ||
| 040 | |a UMM |e rda | ||
| 090 | |a PR13 |b UM 2014 Kan | ||
| 100 | 1 | |a Kang, Yee Sun, |e author. | |
| 245 | 1 | 0 | |a Old age, death and religion : |b a study of selected texts by Ernest Hemingway / |c Kang Yee Sun. |
| 264 | 1 | |c 2014 | |
| 264 | 4 | |c 2014 | |
| 300 | |a vii, 100 leaves : |b illustrations ; |c 30 cm. | ||
| 336 | |a text |2 rdacontent | ||
| 337 | |a unmediated |2 rdamedia | ||
| 338 | |a volume |2 rdacarrier | ||
| 502 | |b M.A. |c Jabatan Inggeris, Fakulti Sastera dan Sains Sosial, Universiti Malaya |d 2014. | ||
| 504 | |a Bibliography: leaves 97-100. | ||
| 600 | 1 | 0 | |a Hemingway, Ernest, |d 1899-1961 |x Criticism and interpretation. |
| 650 | 0 | |a Novelists, American |y 20th century. | |
| 650 | 0 | |a American fiction |y 20th century |x History and criticism. | |
| 710 | 2 | |a Universiti Malaya. |b Jabatan Inggeris, |e degree granting institution. | |
| 902 | |a HA-ZA | ||
| 596 | |a 1 | ||
| 999 | |a PR13 UM 2014 KAN |w LC |c 1 |i A516071215 |d 9/10/2015 |f 9/10/2015 |g 1 |l STACKS |m P01UTAMA |r Y |s Y |t TESIS |u 7/10/2015 |1 AHSS | ||
